000 00345nam a2200145Ia 4500
008 151213s9999 xx 000 0 und d
100 _aShakespeare
245 _aHamlet
_cShakespeare
260 _aNew Delhi
_bRoma Brothers
_c1987
300 _a9073 p.
650 _aEnglish
650 _aEnglish (Nots)
700 _aShakespeare
999 _c4699
_d4699